| 000 | 00637nam a2200205 u 4500 | ||
|---|---|---|---|
| 005 | 20240913064631.0 | ||
| 008 | 090813s2006 r 000 0 eng d | ||
| 020 | _a8420660590 | ||
| 035 | _aUPN01000171851 | ||
| 049 | _aCG | ||
| 050 | 4 |
_aPG3348 S5 _bD3.5 |
|
| 100 | 1 |
_aPushkin, Aleksandr Sergeevich, _d1799-1837 |
|
| 245 | 1 | 3 |
_aLa dama de picas ; Dubrovski / _cAleksandr Pushkin ; tr., introd. y notas de Ricardo San Vicente. |
| 260 |
_aMadrid : _bAlianza, _c2006. |
||
| 300 | _a172 p. | ||
| 440 | 3 |
_aEl libro de bolsillo. _pLiteratura. _pClásicos ; _v5692 |
|
| 650 | 4 |
_aNovela rusa _912701 |
|
| 740 | 0 | _aDubrovski | |
| 905 | _aLibro | ||
| 999 |
_c143955 _d143955 |
||